| 000 | 00428nam a2200145 a 4500 | ||
|---|---|---|---|
| 001 | 000035485 | ||
| 005 | 20200930074358.0 | ||
| 008 | 111102s1966 sp 000 0 spa d | ||
| 040 |
_aDO-SdBNP _bspa _cBNPHU |
||
| 082 |
_axxx _bP386a |
||
| 100 | 1 |
_aPellegrini, Aldon _961363 |
|
| 245 | 1 | 0 |
_aAntología de la poesía viva latinoamericana / _cAldon Pellerini. |
| 260 |
_aBarcelona : _bSeix Barral, _c1966. |
||
| 300 |
_a311 p. ; _c20 cm. |
||
| 999 |
_c34976 _d34976 |
||